Thinest Countries in the World - Statistics

General Stats
  • This quiz has been taken 24 times
  • The average score is 3 of 10
Answer Stats
ave BMI Country % Correct
20.6 Ethiopia
67%
20.5 Eritrea
52%
21.7 Niger
52%
21.8 North Korea
43%
21.6 Vietnam
38%
21.6 Afghanistan
29%
20.9 Burundi
19%
21.0 Bangladesh
14%
21.2 East Timor
14%
21.1 Madagascar
14%
No matching quizzes found
Score Distribution
Percent of People with Each Score
Percentile by Number Answered
Your Score History
You have not taken this quiz